Les ogres, Solann paroles - Statistiques

Statistiques générales
  • Ce quiz a été pris 67 fois
    63 depuis la dernière actualisation
  • Le résultat moyen est 416 sur 463
Statistiques - réponses
Réponse % Correct
de
100%
et
100%
Et
100%
je
100%
Je
100%
le
100%
les
100%
On
100%
on
100%
à
97%
À
97%
la
97%
97%
mangé
97%
me
97%
Moi
97%
monde
97%
ogres
97%
ont
97%
pas
97%
que
97%
quel
97%
Ça
93%
C’est
93%
c’est
93%
en
93%
entre
93%
fait
93%
ne
93%
93%
plus
93%
pour
93%
quelques
93%
rien
93%
va
93%
années
90%
bras
90%
changer
90%
d’entre
90%
Depuis
90%
est
90%
l’arrache
90%
maintenant
90%
Mais
90%
même
90%
Si
90%
sont
90%
voulais
90%
bien
86%
dans
86%
Gargantua
86%
roi
86%
te
86%
un
86%
aussi
83%
Ils
83%
ils
83%
lentement
83%
noie
83%
point
83%
rage
83%
reconnais
83%
vous
83%
avec
79%
deux,
79%
deux
79%
dire
79%
grands
79%
juré
79%
ment
79%
noierez
79%
petits
79%
plutôt
79%
promis,
79%
régulièrement
79%
téléviseur,
79%
vend
79%
votre
79%
appétit,
76%
autant
76%
coup
76%
eux
76%
faire
76%
l’apathie
76%
sa
76%
tout
76%
une
76%
couleurs
72%
David
72%
Dieux,
72%
Dieux
72%
flots,
72%
guerre,
72%
lumières
72%
quitte
72%
assis
69%
Babel
69%
flammes
69%
Goliath
69%
haut
69%
j’oscille
69%
l’amour
69%
mains
69%
m’étonnerai
69%
tour
69%
vendu
69%
bouche
66%
feu,
66%
mettre
66%
question
66%
belle,
62%
croire
62%
d’y
62%
finir
62%
dégringolade
59%
mes
59%
Ni
59%
parois
59%
amer,
55%
avide
55%
sentir
55%
souhaite
52%
ciel
48%
comme
48%
moins
48%
verront
34%
Aucun quiz correspondant
Distribution des résultats
% des personnes avec chaque résultat
Percentile par nombre de réponses
Votre historique - résultats
Vous n’avez pas pris ce quiz depuis la dernière actualisation